Najbardziej wartościowi piłkarze 2023 - Statystyki

Ogólne statystyki
  • Ten quiz został rozwiązany 23 692 razy
    16 091 od ostatniego zresetowania
  • Średni wynik to 14 z 50
Statystyki odpowiedzi
Cena Piłkarz % Poprawnych
180 mln Kylian Mbappe
95%
170 mln Erling Haaland
85%
120 mln Vinicius Jr
69%
75 mln Neymar
63%
90 mln Gavi
60%
100 mln Pedri
60%
110 mln Jude Bellingham
55%
80 mln Harry Kane
47%
80 mln Mohamed Salah
45%
80 mln Kevin De Bruyne
44%
110 mln Phil Foden
44%
70 mln Heung min-Son
41%
80 mln Rodrygo
40%
100 mln Jamal Musiala
38%
100 mln Bukayo Saka
35%
100 mln Federico Valverde
30%
80 mln Rodri
28%
80 mln Bernardo Silva
26%
75 mln Lautaro Martinez
24%
75 mln Ruben Dias
24%
75 mln Bruno Fernandes
23%
70 mln Jack Grealish
23%
70 mln Darwin Nunez
21%
70 mln Leroy Sane
21%
80 mln Rafael Leao
21%
80 mln Joshua Kimmich
20%
70 mln Achraf Hakimi
18%
70 mln Joao Cancelo
17%
90 mln Aurelien Tchouameni
16%
70 mln Raheem Sterling
16%
70 mln Kai Havertz
15%
70 mln Alphonso Davies
14%
80 mln Declan Rice
14%
80 mln Dusan Vlahović
14%
65 mln Serge Gnabry
14%
75 mln Antony
13%
75 mln Josko Gvardiol
13%
75 mln Luis Diaz
13%
70 mln Victor Osimhen
13%
65 mln Leon Goretzka
12%
75 mln Mason Mount
12%
70 mln Matthijs De Ligt
12%
70 mln Trent Alexander-Arnold
12%
80 mln Christopher Nkunku
11%
70 mln Florian Wirtz
10%
70 mln Nicolo Barella
9%
70 mln Marquinhos
8%
70 mln Reece James
7%
65 mln Wesley Fofana
4%
75 mln Gabriel Jesus
3%
Nie znaleziono quizów pasujących do podanych kryteriów
Rozkład punktacji
Procent ludzi z każdym wynikiem
Percentyl według liczby udzielonych odpowiedzi
Twoja historia wyników
Nie rozwiązałeś tego quizu od ostatniego zresetowania